000 00362 a2200145 4500
001 157246
020 _a9788520937839
040 _cEscola São Tomás de Aquino
100 _aCONY, Carlos Heitor
240 1 0 _aO mistério da coroa imperial
_lpor
245 1 0 _aO mistério da coroa imperial
300 _a128 p.
697 _a*LITERATURA JUVENIL
942 _cBK
999 _c157246
_d157246